00640nam a2200169 i 450000100060000000300090000600500170001500700030003200800410003510000430007624500680011926000510018730000220023850501480026060000410040885200210044973249ES-MaACL20231226145003.0t|040923s1936 sp ||||1| spa d1 aLomba y Pedraja, José R.,d1868-195110aCuatro estudios en torno a Larra / cJosé R. Lomba y Pedraja. aMadrid : b[s.n.], c1936 (fTip. de Archivos) a398 p. ; c20 cm.8 aContiene: I. Costumbristas españoles 1800-1850 -- II: Larra, escritor político -- III. Larra, crítico literario -- IV. Teatro romántico14aLarra, Mariano José de,d1809-1837 aES-MaACLjA-4203